[Event "Osasco op"]
[Site "Osasco"]
[Date "2023.12.02"]
[Round "4"]
[White "Nicacio, Daniel Ramos"]
[Black "Carmona, Rodolpho Baptista"]
[Result "0-1"]
[WhiteElo "1545"]
[BlackElo "1808"]
[PlyCount "96"]
[EventDate "2023.12.01"]
[EventType "swiss"]
[EventRounds "6"]
[EventCountry "BRA"]
[SourceTitle "CB50_2023"]
[SourceDate "2023.12.13"]
[SourceVersion "1"]
[SourceVersionDate "2023.12.13"]
[SourceQuality "1"]

1. e4 c5 2. Nf3 Nc6 3. d4 cxd4 4. Nxd4 e5 5. Nb5 a6 6. N5c3 Nf6 7. Bg5 Be7 8. Bd3 d6 9. Nd2 0-0 10. Nb3 Be6 11. Qd2 b5 12. 0-0-0 b4 13. Ne2 Nxe4 14. Bxe7 Nxd2 15. Bxd8 Nxb3+ 16. cxb3 Rfxd8 17. Bc4 d5 18. Bd3 e4 19. Bc2 Bg4 20. Rd2 Bxe2 21. Rxe2 f5 22. f3 d4 23. Bb1 e3 24. Bxf5 Ne7 25. Bd3 Kf8 26. Kb1 a5 27. h4 h6 28. Rc1 Rac8 29. Rxc8 Rxc8 30. Rc2 Rxc2 31. Kxc2 Kf7 32. Bc4+ Kf6 33. Kd3 Nc6 34. Ke4 Ke7 35. Kd5 Kd7 36. Bb5 Kc7 37. Ke6 Kb6 38. Bd3 Kc5 39. a3 Na7 40. g4 Nb5 41. f4 Nc3 42. g5 e2 43. Bxe2 Nxe2 44. f5 Nf4+ 45. Ke5 d3 46. Kxf4 d2 47. f6 d1Q 48. fxg7 Qd4+ 0-1